[Event "DEM U8 2024"]
[Site "Willingen GER"]
[Date "2024.05.23"]
[Round "3"]
[White "Wang, Kaichen"]
[Black "Rudnizki, Valentin"]
[Result "1/2-1/2"]
[Termination "normal"]
[Board "9"]
[WhiteElo "1599"]
[BlackElo "1319"]
[WhiteClock "00:13:47"]
[BlackClock "00:01:53"]
[PlyCount "129"]
[WhiteFideId "34626891"]
[BlackFideId "34673369"]
[EventCountry "GER"]
[EventRounds "7"]
[EventType "swiss"]
[EventDate "2024.05.21"]

1. d4 {[%clk 01:00:28]} {[%emt 00:00:01]} Nf6 {[%clk 01:00:05]} {[%emt
00:00:26]} 2. c4 {[%clk 01:00:35]} {[%emt 00:00:08]} d5 {[%clk 01:00:10]}
{[%emt 00:00:10]} 3. cxd5 {[%clk 01:00:21]} {[%emt 00:00:29]} Nxd5 {[%clk
00:59:49]} {[%emt 00:00:35]} 4. e4 {[%clk 01:00:26]} {[%emt 00:00:09]} Nb6
{[%clk 00:59:46]} {[%emt 00:00:18]} 5. Nc3 {[%clk 01:00:25]} {[%emt 00:00:17]}
e6 {[%clk 00:59:38]} {[%emt 00:00:23]} 6. Nf3 {[%clk 01:00:07]} {[%emt
00:00:33]} c5 {[%clk 00:59:13]} {[%emt 00:00:41]} 7. Bf4 {[%clk 00:59:43]}
{[%emt 00:00:39]} Nc6 {[%clk 00:58:43]} {[%emt 00:00:45]} 8. d5 {[%clk
00:59:25]} {[%emt 00:00:33]} exd5 {[%clk 00:58:04]} {[%emt 00:00:54]} 9. exd5
{[%clk 00:59:21]} {[%emt 00:00:18]} Nb4 {[%clk 00:58:01]} {[%emt 00:00:18]} 10.
d6 {[%clk 00:58:50]} {[%emt 00:00:45]} Bf5 {[%clk 00:57:33]} {[%emt 00:00:43]}
11. Rc1 {[%clk 00:55:43]} {[%emt 00:03:22]} a6 {[%clk 00:56:44]} {[%emt
00:01:04]} 12. a3 {[%clk 00:55:39]} {[%emt 00:00:20]} Nc6 {[%clk 00:56:30]}
{[%emt 00:00:28]} 13. Be2 {[%clk 00:54:04]} {[%emt 00:01:48]} Nc8 {[%clk
00:55:44]} {[%emt 00:01:03]} 14. O-O {[%clk 00:53:07]} {[%emt 00:01:12]} Bxd6
{[%clk 00:55:39]} {[%emt 00:00:20]} 15. Bxd6 {[%clk 00:52:56]} {[%emt
00:00:25]} Nxd6 {[%clk 00:55:26]} {[%emt 00:00:29]} 16. Re1 {[%clk 00:52:26]}
{[%emt 00:00:45]} O-O {[%clk 00:55:08]} {[%emt 00:00:34]} 17. Qd5 {[%clk
00:49:36]} {[%emt 00:03:04]} Re8 {[%clk 00:49:13]} {[%emt 00:06:10]} 18. Rcd1
{[%clk 00:48:57]} {[%emt 00:00:54]} Re6 {[%clk 00:45:42]} {[%emt 00:03:47]} 19.
Bf1 {[%clk 00:47:09]} {[%emt 00:02:02]} Rf6 {[%clk 00:43:55]} {[%emt 00:02:03]}
20. h3 {[%clk 00:46:07]} {[%emt 00:01:17]} Qc7 {[%clk 00:42:04]} {[%emt
00:02:06]} 21. Qxc5 {[%clk 00:43:59]} {[%emt 00:02:22]} Rd8 {[%clk 00:37:53]}
{[%emt 00:04:26]} 22. Nd5 {[%clk 00:43:20]} {[%emt 00:00:54]} Qb8 {[%clk
00:32:14]} {[%emt 00:05:54]} 23. Nxf6+ {[%clk 00:43:11]} {[%emt 00:00:24]} gxf6
{[%clk 00:32:10]} {[%emt 00:00:20]} 24. Bd3 {[%clk 00:41:22]} {[%emt 00:02:04]}
Bxd3 {[%clk 00:28:00]} {[%emt 00:04:25]} 25. Rxd3 {[%clk 00:41:12]} {[%emt
00:00:24]} Nb5 {[%clk 00:26:24]} {[%emt 00:01:52]} 26. Rxd8+ {[%clk 00:40:54]}
{[%emt 00:00:32]} Qxd8 {[%clk 00:26:17]} {[%emt 00:00:22]} 27. a4 {[%clk
00:40:14]} {[%emt 00:00:56]} Nc7 {[%clk 00:25:57]} {[%emt 00:00:35]} 28. b4
{[%clk 00:38:53]} {[%emt 00:01:37]} Ne6 {[%clk 00:25:26]} {[%emt 00:00:46]} 29.
Qc4 {[%clk 00:37:05]} {[%emt 00:02:01]} Qf8 {[%clk 00:21:19]} {[%emt 00:04:24]}
30. b5 {[%clk 00:36:12]} {[%emt 00:01:08]} axb5 {[%clk 00:21:10]} {[%emt
00:00:24]} 31. Qxb5 {[%clk 00:34:47]} {[%emt 00:01:40]} Qb8 {[%clk 00:18:20]}
{[%emt 00:03:05]} 32. Rc1 {[%clk 00:34:35]} {[%emt 00:00:27]} Ncd4 {[%clk
00:17:03]} {[%emt 00:01:32]} 33. Nxd4 {[%clk 00:33:26]} {[%emt 00:00:58]} Nxd4
{[%clk 00:17:08]} {[%emt 00:00:37]} 34. Qb2 {[%clk 00:33:06]} {[%emt 00:00:31]}
Qe5 {[%clk 00:16:34]} {[%emt 00:00:52]} 35. Kf1 {[%clk 00:31:23]} {[%emt
00:01:58]} Kg7 {[%clk 00:15:02]} {[%emt 00:01:47]} 36. Re1 {[%clk 00:29:52]}
{[%emt 00:01:45]} Qd5 {[%clk 00:13:31]} {[%emt 00:01:48]} 37. Rd1 {[%clk
00:29:45]} {[%emt 00:00:21]} Qc4+ {[%emt 00:01:47]} 38. Kg1 {[%clk 00:28:28]}
{[%emt 00:00:03]} Ne6 {[%clk 00:12:44]} {[%emt 00:01:00]} 39. Qxb7 {[%clk
00:26:28]} {[%emt 00:02:14]} Qxa4 {[%clk 00:11:59]} {[%emt 00:01:00]} 40. Re1
{[%clk 00:26:30]} {[%emt 00:00:13]} Ng5 {[%clk 00:11:16]} {[%emt 00:00:59]} 41.
Kh2 {[%clk 00:23:28]} {[%emt 00:03:17]} Qf4+ {[%clk 00:09:33]} {[%emt
00:01:58]} 42. Kg1 {[%clk 00:23:32]} {[%emt 00:00:10]} Qa4 {[%clk 00:07:40]}
{[%emt 00:02:08]} 43. Qd5 {[%clk 00:23:15]} {[%emt 00:00:32]} Qb4 {[%clk
00:07:13]} {[%emt 00:00:43]} 44. Rf1 {[%clk 00:23:15]} {[%emt 00:00:14]} h5
{[%clk 00:06:03]} {[%emt 00:01:26]} 45. f4 {[%clk 00:22:15]} {[%emt 00:01:16]}
Ne6 {[%clk 00:05:18]} {[%emt 00:00:59]} 46. Qxh5 {[%clk 00:22:01]} {[%emt
00:00:28]} Qd4+ {[%clk 00:04:58]} {[%emt 00:00:35]} 47. Kh1 {[%clk 00:21:50]}
{[%emt 00:00:26]} Qd3 {[%clk 00:03:52]} {[%emt 00:01:21]} 48. Qf3 {[%clk
00:19:53]} {[%emt 00:02:12]} Qd6 {[%clk 00:03:06]} {[%emt 00:01:01]} 49. f5
{[%clk 00:19:18]} {[%emt 00:00:49]} Ng5 {[%clk 00:02:52]} {[%emt 00:00:30]} 50.
Qg4 {[%clk 00:18:03]} {[%emt 00:01:29]} Qd3 {[%clk 00:02:45]} {[%emt 00:00:23]}
51. Rd1 {[%clk 00:17:14]} {[%emt 00:01:03]} Qe3 {[%clk 00:02:32]} {[%emt
00:00:29]} 52. h4 {[%clk 00:17:12]} {[%emt 00:00:17]} Qe4 {[%clk 00:02:03]}
{[%emt 00:00:44]} 53. Qxe4 {[%clk 00:17:11]} {[%emt 00:00:17]} Nxe4 {[%clk
00:02:10]} {[%emt 00:00:09]} 54. Kh2 {[%clk 00:17:13]} {[%emt 00:00:13]} Kh6
{[%clk 00:02:06]} {[%emt 00:00:18]} 55. Re1 {[%clk 00:16:50]} {[%emt 00:00:37]}
Nd6 {[%clk 00:02:10]} {[%emt 00:00:11]} 56. g4 {[%clk 00:16:51]} {[%emt
00:00:14]} Kg7 {[%clk 00:02:09]} {[%emt 00:00:16]} 57. h5 {[%clk 00:16:53]}
{[%emt 00:00:11]} Kh6 {[%clk 00:02:13]} {[%emt 00:00:12]} 58. Kg3 {[%clk
00:16:59]} {[%emt 00:00:08]} Kg5 {[%clk 00:02:17]} {[%emt 00:00:12]} 59. Re2
{[%clk 00:16:46]} {[%emt 00:00:28]} Nc4 {[%clk 00:02:17]} {[%emt 00:00:16]} 60.
Re7 {[%clk 00:16:14]} {[%emt 00:00:46]} Ne5 {[%clk 00:02:13]} {[%emt 00:00:20]}
61. Rxe5 {[%clk 00:14:24]} {[%emt 00:02:05]} fxe5 {[%clk 00:01:59]} {[%emt
00:00:29]} 62. Kf3 {[%clk 00:14:35]} {[%emt 00:00:04]} f6 {[%clk 00:01:59]}
{[%emt 00:00:16]} 63. Ke4 {[%clk 00:14:32]} {[%emt 00:00:18]} Kh6 {[%clk
00:01:50]} {[%emt 00:00:24]} 64. Kd5 {[%clk 00:14:03]} {[%emt 00:00:43]} Kg5
{[%clk 00:01:53]} {[%emt 00:00:12]} 65. Kc4 {[%clk 00:13:47]} {[%emt 00:00:31]}
1/2-1/2

[Event "DEM U8 2024"]
[Site "Willingen GER"]
[Date "2024.05.23"]
[Round "3"]
[White "Roscher, Simon"]
[Black "Simon, Benjamin"]
[Result "0-1"]
[Termination "normal"]
[Board "10"]
[WhiteElo "1109"]
[BlackElo "1305"]
[WhiteClock "00:37:56"]
[BlackClock "00:40:17"]
[PlyCount "126"]
[WhiteFideId "34673130"]
[BlackFideId "34652329"]
[EventCountry "GER"]
[EventRounds "7"]
[EventType "swiss"]
[EventDate "2024.05.21"]

1. e4 {[%clk 01:00:26]} {[%emt 00:00:03]} e5 {[%clk 01:00:23]} {[%emt
00:00:08]} 2. Nf3 {[%clk 01:00:37]} {[%emt 00:00:04]} Nf6 {[%clk 01:00:26]}
{[%emt 00:00:11]} 3. Nxe5 {[%clk 01:00:47]} {[%emt 00:00:07]} d6 {[%clk
01:00:26]} {[%emt 00:00:13]} 4. Nf3 {[%clk 01:00:57]} {[%emt 00:00:06]} Nxe4
{[%clk 01:00:29]} {[%emt 00:00:12]} 5. d4 {[%clk 01:01:06]} {[%emt 00:00:06]}
d5 {[%clk 01:00:18]} {[%emt 00:00:26]} 6. Bd3 {[%clk 01:01:14]} {[%emt
00:00:07]} Nc6 {[%clk 01:00:21]} {[%emt 00:00:11]} 7. O-O {[%clk 01:01:20]}
{[%emt 00:00:11]} Be7 {[%clk 01:00:23]} {[%emt 00:00:12]} 8. Re1 {[%clk
01:01:29]} {[%emt 00:00:06]} Bg4 {[%clk 01:00:28]} {[%emt 00:00:10]} 9. Nbd2
{[%clk 01:01:32]} {[%emt 00:00:12]} Nxd2 {[%clk 01:00:10]} {[%emt 00:00:32]}
10. Bxd2 {[%clk 01:01:38]} {[%emt 00:00:10]} O-O {[%clk 01:00:06]} {[%emt
00:00:18]} 11. c3 {[%clk 01:01:26]} {[%emt 00:00:28]} Qd7 {[%clk 00:59:58]}
{[%emt 00:00:23]} 12. Qe2 {[%clk 00:59:34]} {[%emt 00:02:05]} Rfe8 {[%clk
00:59:38]} {[%emt 00:00:36]} 13. Qd1 {[%clk 00:55:58]} {[%emt 00:03:50]} Na5
{[%clk 00:56:08]} {[%emt 00:03:46]} 14. Ne5 {[%clk 00:54:45]} {[%emt 00:01:27]}
Bxd1 {[%clk 00:55:27]} {[%emt 00:00:57]} 15. Nxd7 {[%clk 00:54:50]} {[%emt
00:00:10]} Ba4 {[%clk 00:55:12]} {[%emt 00:00:30]} 16. b4 {[%clk 00:53:33]}
{[%emt 00:01:33]} Bxd7 {[%clk 00:54:33]} {[%emt 00:00:53]} 17. bxa5 {[%clk
00:53:32]} {[%emt 00:00:16]} a6 {[%clk 00:53:49]} {[%emt 00:00:58]} 18. Rab1
{[%clk 00:53:19]} {[%emt 00:00:29]} Bc6 {[%clk 00:53:15]} {[%emt 00:00:50]} 19.
c4 {[%clk 00:52:25]} {[%emt 00:01:09]} dxc4 {[%clk 00:52:33]} {[%emt 00:00:56]}
20. Bxc4 {[%clk 00:52:25]} {[%emt 00:00:14]} Rad8 {[%clk 00:52:05]} {[%emt
00:00:43]} 21. Bc3 {[%clk 00:51:35]} {[%emt 00:01:06]} Bf6 {[%clk 00:51:10]}
{[%emt 00:01:09]} 22. d5 {[%clk 00:43:32]} {[%emt 00:08:20]} Bxc3 {[%clk
00:48:17]} {[%emt 00:03:08]} 23. Rec1 {[%clk 00:42:57]} {[%emt 00:00:50]} Bxd5
{[%clk 00:46:17]} {[%emt 00:02:14]} 24. Bxd5 {[%clk 00:41:21]} {[%emt
00:01:51]} Rxd5 {[%clk 00:45:55]} {[%emt 00:00:37]} 25. Rxc3 {[%clk 00:41:31]}
{[%emt 00:00:06]} Rxa5 {[%clk 00:45:10]} {[%emt 00:01:00]} 26. Rxc7 {[%clk
00:41:42]} {[%emt 00:00:04]} Kf8 {[%clk 00:43:53]} {[%emt 00:01:32]} 27. h3
{[%clk 00:41:03]} {[%emt 00:00:54]} Rxa2 {[%clk 00:43:49]} {[%emt 00:00:18]}
28. Rbxb7 {[%clk 00:41:11]} {[%emt 00:00:07]} Re1+ {[%clk 00:43:18]} {[%emt
00:00:46]} 29. Kh2 {[%clk 00:41:17]} {[%emt 00:00:09]} Rxf2 {[%clk 00:43:16]}
{[%emt 00:00:17]} 30. Kg3 {[%clk 00:40:33]} {[%emt 00:00:59]} Rf6 {[%clk
00:43:11]} {[%emt 00:00:20]} 31. Ra7 {[%clk 00:40:10]} {[%emt 00:00:39]} Re5
{[%clk 00:42:28]} {[%emt 00:00:57]} 32. Kh2 {[%clk 00:39:45]} {[%emt 00:00:40]}
a5 {[%clk 00:41:51]} {[%emt 00:00:54]} 33. Rc8+ {[%clk 00:39:50]} {[%emt
00:00:10]} Re8 {[%clk 00:41:56]} {[%emt 00:00:09]} 34. Rxe8+ {[%clk 00:40:00]}
{[%emt 00:00:05]} Kxe8 {[%clk 00:42:03]} {[%emt 00:00:09]} 35. Rxa5 {[%clk
00:40:09]} {[%emt 00:00:06]} Ke7 {[%clk 00:42:07]} {[%emt 00:00:10]} 36. h4
{[%clk 00:39:44]} {[%emt 00:00:40]} Ke6 {[%clk 00:41:53]} {[%emt 00:00:29]} 37.
g4 {[%clk 00:39:19]} {[%emt 00:00:40]} Rf4 {[%clk 00:41:39]} {[%emt 00:00:29]}
38. Kg3 {[%clk 00:39:25]} {[%emt 00:00:08]} Rd4 {[%clk 00:41:01]} {[%emt
00:00:53]} 39. Ra3 {[%clk 00:39:21]} {[%emt 00:00:20]} Ke5 {[%clk 00:40:44]}
{[%emt 00:00:30]} 40. Re3+ {[%clk 00:39:05]} {[%emt 00:00:33]} Re4 {[%clk
00:40:36]} {[%emt 00:00:22]} 41. Rxe4+ {[%clk 00:38:55]} {[%emt 00:00:25]} Kxe4
{[%clk 00:40:42]} {[%emt 00:00:09]} 42. g5 {[%clk 00:39:03]} {[%emt 00:00:06]}
g6 {[%clk 00:40:38]} {[%emt 00:00:20]} 43. Kg4 {[%clk 00:39:02]} {[%emt
00:00:15]} Ke5 {[%clk 00:40:33]} {[%emt 00:00:20]} 44. Kg3 {[%clk 00:38:51]}
{[%emt 00:00:26]} f6 {[%clk 00:39:44]} {[%emt 00:01:04]} 45. gxf6 {[%clk
00:38:34]} {[%emt 00:00:32]} Kxf6 {[%clk 00:39:51]} {[%emt 00:00:08]} 46. Kg4
{[%clk 00:38:27]} {[%emt 00:00:22]} h6 {[%clk 00:39:43]} {[%emt 00:00:23]} 47.
Kf4 {[%clk 00:38:24]} {[%emt 00:00:19]} h5 {[%clk 00:39:36]} {[%emt 00:00:21]}
48. Kg3 {[%clk 00:38:09]} {[%emt 00:00:29]} Ke5 {[%clk 00:39:35]} {[%emt
00:00:17]} 49. Kf3 {[%clk 00:37:41]} {[%emt 00:00:43]} Kf5 {[%clk 00:39:36]}
{[%emt 00:00:13]} 50. Kg3 {[%clk 00:37:45]} {[%emt 00:00:11]} Ke4 {[%clk
00:39:40]} {[%emt 00:00:11]} 51. Kg2 {[%clk 00:37:22]} {[%emt 00:00:39]} Kf4
{[%clk 00:39:41]} {[%emt 00:00:14]} 52. Kh3 {[%clk 00:37:23]} {[%emt 00:00:14]}
Kf3 {[%clk 00:39:42]} {[%emt 00:00:14]} 53. Kh2 {[%clk 00:37:28]} {[%emt
00:00:11]} Kg4 {[%clk 00:39:47]} {[%emt 00:00:09]} 54. Kg2 {[%clk 00:37:30]}
{[%emt 00:00:13]} Kxh4 {[%clk 00:39:47]} {[%emt 00:00:14]} 55. Kh2 {[%clk
00:37:36]} {[%emt 00:00:09]} g5 {[%clk 00:39:49]} {[%emt 00:00:13]} 56. Kg2
{[%clk 00:37:32]} {[%emt 00:00:20]} g4 {[%clk 00:39:55]} {[%emt 00:00:09]} 57.
Kh2 {[%clk 00:37:33]} {[%emt 00:00:13]} g3+ {[%clk 00:40:01]} {[%emt 00:00:09]}
58. Kg2 {[%clk 00:37:34]} {[%emt 00:00:15]} Kg4 {[%clk 00:40:00]} {[%emt
00:00:15]} 59. Kf1 {[%clk 00:37:34]} {[%emt 00:00:14]} Kf3 {[%clk 00:40:02]}
{[%emt 00:00:14]} 60. Kg1 {[%clk 00:37:43]} {[%emt 00:00:06]} g2 {[%clk
00:40:07]} {[%emt 00:00:09]} 61. Kh2 {[%clk 00:37:39]} {[%emt 00:01:03]} Kf2
{[%clk 00:40:12]} {[%emt 00:00:10]} 62. Kh3 {[%clk 00:37:49]} {[%emt 00:00:05]}
g1=Q {[%clk 00:40:12]} {[%emt 00:00:15]} 63. Kh4 {[%clk 00:37:56]} {[%emt
00:00:08]} Qg4# {[%clk 00:40:17]} {[%emt 00:00:09]} 0-1

[Event "DEM U8 2024"]
[Site "Willingen GER"]
[Date "2024.05.23"]
[Round "3"]
[White "Gerhardt, Noah"]
[Black "Studdert, Levi"]
[Result "0-1"]
[Termination "normal"]
[Board "11"]
[WhiteElo "1244"]
[BlackElo "1109"]
[WhiteClock "00:48:15"]
[BlackClock "00:39:14"]
[PlyCount "78"]
[WhiteFideId "34696083"]
[BlackFideId "34672486"]
[EventCountry "GER"]
[EventRounds "7"]
[EventType "swiss"]
[EventDate "2024.05.21"]

1. e4 {[%clk 01:00:29]} {[%emt 16:16:34]} e5 {[%clk 01:00:12]} {[%emt
00:00:10]} 2. Nf3 {[%clk 01:00:44]} Nc6 {[%clk 01:00:14]} {[%emt 00:00:22]} 3.
Nc3 {[%clk 01:00:51]} {[%emt 00:00:07]} Nf6 {[%clk 00:59:57]} {[%emt 00:00:24]}
4. Bc4 {[%clk 01:01:04]} {[%emt 00:00:11]} Nxe4 {[%emt 00:00:19]} 5. Nxe4
{[%clk 01:01:10]} {[%emt 00:00:07]} d5 {[%clk 00:59:55]} {[%emt 00:00:15]} 6.
Bd3 {[%clk 01:01:21]} {[%emt 00:00:05]} dxe4 {[%clk 00:59:44]} {[%emt
00:00:24]} 7. Bxe4 {[%clk 01:01:30]} {[%emt 00:00:08]} Bd6 {[%clk 00:59:18]}
{[%emt 00:00:39]} 8. O-O {[%clk 01:01:39]} {[%emt 00:00:08]} Bd7 {[%clk
00:58:29]} {[%emt 00:01:03]} 9. d3 {[%clk 01:01:44]} {[%emt 00:00:10]} Qe7
{[%clk 00:57:31]} {[%emt 00:01:12]} 10. Be3 {[%clk 01:01:30]} {[%emt 00:00:30]}
f5 {[%clk 00:57:25]} {[%emt 00:00:18]} 11. Bd5 {[%clk 01:01:25]} {[%emt
00:00:22]} Na5 {[%clk 00:55:51]} {[%emt 00:01:48]} 12. Bg5 {[%clk 01:00:57]}
{[%emt 00:00:45]} Qf8 {[%clk 00:55:28]} {[%emt 00:00:36]} 13. Re1 {[%clk
01:00:50]} {[%emt 00:00:23]} h6 {[%clk 00:55:02]} {[%emt 00:00:40]} 14. Bd2
{[%clk 01:00:53]} {[%emt 00:00:13]} Bc6 {[%clk 00:49:45]} {[%emt 00:05:21]} 15.
Bxc6+ {[%clk 01:00:57]} {[%emt 00:00:22]} Nxc6 {[%clk 00:49:10]} {[%emt
00:00:49]} 16. d4 {[%clk 01:00:44]} {[%emt 00:00:29]} e4 {[%clk 00:47:22]}
{[%emt 00:02:02]} 17. d5 {[%clk 01:00:44]} {[%emt 00:00:16]} Ne7 {[%clk
00:46:55]} {[%emt 00:00:42]} 18. Nd4 {[%clk 01:00:14]} {[%emt 00:00:45]} Qf6
{[%clk 00:44:33]} {[%emt 00:02:37]} 19. Bc3 {[%clk 00:59:49]} {[%emt 00:00:41]}
Be5 {[%clk 00:44:07]} {[%emt 00:00:40]} 20. Qd2 {[%clk 00:59:02]} {[%emt
00:01:03]} Nxd5 {[%clk 00:42:49]} {[%emt 00:01:31]} 21. Rad1 {[%clk 00:57:25]}
{[%emt 00:01:53]} O-O {[%clk 00:42:29]} {[%emt 00:00:32]} 22. b3 {[%clk
00:56:23]} {[%emt 00:01:46]} c5 {[%clk 00:42:20]} {[%emt 00:00:24]} 23. Ne2
{[%clk 00:52:45]} {[%emt 00:03:53]} Nxc3 {[%clk 00:41:52]} {[%emt 00:00:42]}
24. Rc1 {[%clk 00:52:21]} {[%emt 00:00:39]} Nxa2 {[%clk 00:41:29]} {[%emt
00:00:39]} 25. Rb1 {[%clk 00:51:50]} {[%emt 00:00:46]} Rad8 {[%clk 00:41:21]}
{[%emt 00:00:23]} 26. Qa5 {[%clk 00:51:27]} {[%emt 00:00:38]} Nc3 {[%clk
00:41:01]} {[%emt 00:00:34]} 27. Nxc3 {[%clk 00:51:31]} {[%emt 00:00:11]} Bxc3
{[%clk 00:41:07]} {[%emt 00:00:09]} 28. Qxc5 {[%clk 00:51:03]} {[%emt
00:00:42]} Bxe1 {[%clk 00:40:59]} {[%emt 00:00:24]} 29. Rxe1 {[%clk 00:51:15]}
{[%emt 00:00:03]} Qd6 {[%clk 00:40:51]} {[%emt 00:00:22]} 30. Qc4+ {[%clk
00:51:18]} {[%emt 00:00:13]} Qd5 {[%clk 00:41:02]} {[%emt 00:01:14]} 31. Qe2
{[%clk 00:51:02]} {[%emt 00:00:31]} Qd2 {[%emt 00:00:33]} 32. Qc4+ {[%clk
00:51:05]} Kh8 {[%clk 00:40:51]} {[%emt 00:00:20]} 33. Rf1 {[%clk 00:51:01]}
{[%emt 00:00:19]} e3 {[%clk 00:40:52]} {[%emt 00:00:14]} 34. fxe3 {[%clk
00:50:46]} {[%emt 00:00:31]} Qxe3+ {[%clk 00:40:46]} {[%emt 00:00:21]} 35. Kh1
{[%clk 00:50:53]} {[%emt 00:00:08]} Rd2 {[%clk 00:40:16]} {[%emt 00:00:45]} 36.
Rg1 {[%clk 00:50:29]} {[%emt 00:00:39]} f4 {[%clk 00:39:57]} {[%emt 00:00:34]}
37. Qb4 {[%clk 00:49:45]} {[%emt 00:00:57]} Re8 {[%clk 00:39:23]} {[%emt
00:00:51]} 38. Qxb7 {[%clk 00:48:10]} {[%emt 00:01:50]} Qxg1+ {[%clk 00:39:10]}
{[%emt 00:00:27]} 39. Kxg1 {[%clk 00:48:15]} {[%emt 00:00:10]} Re1# {[%clk
00:39:14]} {[%emt 00:00:12]} 0-1

[Event "DEM U8 2024"]
[Site "Willingen GER"]
[Date "2024.05.23"]
[Round "3"]
[White "Schmidt, Simon"]
[Black "Schimming, Wilhelm"]
[Result "0-1"]
[Termination "normal"]
[Board "12"]
[WhiteElo "943"]
[BlackElo "1242"]
[WhiteClock "00:27:47"]
[BlackClock "00:44:07"]
[PlyCount "96"]
[BlackFideId "34662030"]
[EventCountry "GER"]
[EventRounds "7"]
[EventType "swiss"]
[EventDate "2024.05.21"]

1. e4 {[%clk 01:00:27]} {[%emt 00:00:02]} c5 {[%clk 01:00:27]} {[%emt
00:00:04]} 2. c3 {[%clk 01:00:25]} {[%emt 00:00:17]} Nf6 {[%clk 01:00:39]}
{[%emt 00:00:03]} 3. e5 {[%clk 01:00:21]} {[%emt 00:00:18]} Nd5 {[%clk
01:00:51]} {[%emt 00:00:03]} 4. d4 {[%clk 01:00:20]} {[%emt 00:00:17]} cxd4
{[%clk 01:01:03]} {[%emt 00:00:04]} 5. cxd4 {[%clk 01:00:19]} {[%emt 00:00:15]}
Nc6 {[%clk 01:01:05]} {[%emt 00:00:14]} 6. Nf3 {[%clk 00:59:44]} {[%emt
00:00:49]} e6 {[%clk 01:01:08]} {[%emt 00:00:12]} 7. Bd3 {[%clk 00:58:47]}
{[%emt 00:01:12]} d6 {[%clk 00:46:48]} {[%emt 00:14:35]} 8. Bg5 {[%clk
00:54:21]} {[%emt 00:04:40]} Be7 {[%clk 00:46:52]} {[%emt 00:00:11]} 9. Qc2
{[%clk 00:51:47]} {[%emt 00:02:49]} Bxg5 {[%clk 00:46:54]} {[%emt 00:00:13]}
10. Bb5 {[%clk 00:50:19]} {[%emt 00:01:43]} Bd7 {[%clk 00:46:57]} {[%emt
00:00:13]} 11. a3 {[%clk 00:49:06]} {[%emt 00:01:27]} Qa5+ {[%clk 00:47:04]}
{[%emt 00:00:08]} 12. Nbd2 {[%clk 00:48:19]} {[%emt 00:01:02]} Bxd2+ {[%clk
00:45:10]} {[%emt 00:02:09]} 13. Qxd2 {[%clk 00:47:56]} {[%emt 00:00:38]} Qxb5
{[%clk 00:45:18]} {[%emt 00:00:07]} 14. a4 {[%clk 00:46:46]} {[%emt 00:01:25]}
Qb4 {[%clk 00:45:21]} {[%emt 00:00:12]} 15. Qxb4 {[%clk 00:46:29]} {[%emt
00:00:32]} Ncxb4 {[%clk 00:45:24]} {[%emt 00:00:12]} 16. O-O {[%clk 00:46:06]}
{[%emt 00:00:39]} dxe5 {[%clk 00:45:28]} {[%emt 00:00:11]} 17. dxe5 {[%clk
00:45:58]} {[%emt 00:00:22]} Nc2 {[%clk 00:45:37]} {[%emt 00:00:07]} 18. Rac1
{[%clk 00:45:50]} {[%emt 00:00:23]} Bxa4 {[%clk 00:45:43]} {[%emt 00:00:10]}
19. Rfd1 {[%clk 00:44:15]} {[%emt 00:01:50]} O-O {[%clk 00:45:44]} {[%emt
00:00:14]} 20. Rd2 {[%clk 00:44:17]} {[%emt 00:00:13]} Rad8 {[%clk 00:43:46]}
{[%emt 00:02:13]} 21. Rcxc2 {[%clk 00:41:55]} {[%emt 00:02:37]} Bxc2 {[%clk
00:43:51]} {[%emt 00:00:11]} 22. Rxc2 {[%clk 00:41:56]} {[%emt 00:00:13]} Nc3
{[%clk 00:44:00]} {[%emt 00:00:07]} 23. h3 {[%clk 00:40:53]} {[%emt 00:01:18]}
Ne4 {[%clk 00:44:01]} {[%emt 00:00:15]} 24. Rc7 {[%clk 00:39:51]} {[%emt
00:01:17]} Rd1+ {[%clk 00:44:03]} {[%emt 00:00:13]} 25. Kh2 {[%clk 00:39:54]}
{[%emt 00:00:12]} Nxf2 {[%clk 00:44:14]} {[%emt 00:00:05]} 26. Rxb7 {[%clk
00:39:20]} {[%emt 00:00:48]} Rh1+ {[%clk 00:44:21]} {[%emt 00:00:07]} 27. Kg3
{[%clk 00:39:24]} {[%emt 00:00:12]} Ne4+ {[%clk 00:44:27]} {[%emt 00:00:10]}
28. Kg4 {[%clk 00:39:04]} {[%emt 00:00:34]} f5+ {[%clk 00:44:18]} {[%emt
00:00:25]} 29. Kh4 {[%clk 00:38:27]} {[%emt 00:00:51]} Rd1 {[%clk 00:42:46]}
{[%emt 00:01:48]} 30. Rxa7 {[%clk 00:37:33]} {[%emt 00:01:09]} Rdd8 {[%clk
00:42:52]} {[%emt 00:00:09]} 31. Ra1 {[%clk 00:35:56]} {[%emt 00:01:51]} Rb8
{[%clk 00:42:59]} {[%emt 00:00:08]} 32. Rb1 {[%clk 00:36:05]} {[%emt 00:00:07]}
Nc3 {[%clk 00:43:04]} {[%emt 00:00:10]} 33. Rc1 {[%clk 00:35:42]} {[%emt
00:00:36]} Ne2 {[%clk 00:43:12]} {[%emt 00:00:09]} 34. Rb1 {[%clk 00:35:46]}
{[%emt 00:00:11]} Rfc8 {[%clk 00:43:21]} {[%emt 00:00:06]} 35. b4 {[%clk
00:35:17]} {[%emt 00:00:44]} Nc3 {[%clk 00:43:25]} {[%emt 00:00:11]} 36. Rb3
{[%clk 00:34:31]} {[%emt 00:01:00]} Nd5 {[%clk 00:43:34]} {[%emt 00:00:07]} 37.
b5 {[%clk 00:34:18]} {[%emt 00:00:28]} Rc5 {[%clk 00:43:43]} {[%emt 00:00:06]}
38. Nd4 {[%clk 00:33:52]} {[%emt 00:00:42]} Rc4 {[%clk 00:43:43]} {[%emt
00:00:15]} 39. Rd3 {[%clk 00:32:14]} {[%emt 00:01:52]} Rxb5 {[%clk 00:43:50]}
{[%emt 00:00:08]} 40. Kg3 {[%clk 00:31:51]} {[%emt 00:00:37]} f4+ {[%clk
00:43:48]} {[%emt 00:00:18]} 41. Kh4 {[%clk 00:31:31]} {[%emt 00:00:35]} f3
{[%clk 00:43:52]} {[%emt 00:00:11]} 42. gxf3 {[%clk 00:31:22]} {[%emt
00:00:23]} Rbb4 {[%clk 00:44:00]} {[%emt 00:00:07]} 43. Kg3 {[%clk 00:31:10]}
{[%emt 00:00:27]} Rxd4 {[%clk 00:44:10]} {[%emt 00:00:06]} 44. Ra3 {[%clk
00:30:47]} {[%emt 00:00:37]} Rb2 {[%clk 00:43:38]} {[%emt 00:00:46]} 45. Ra6
{[%clk 00:30:04]} {[%emt 00:00:58]} h5 {[%clk 00:43:45]} {[%emt 00:00:08]} 46.
h4 {[%clk 00:29:45]} {[%emt 00:00:34]} Ne3 {[%clk 00:43:52]} {[%emt 00:00:08]}
47. Ra1 {[%clk 00:28:14]} {[%emt 00:01:46]} Nf5+ {[%clk 00:43:58]} {[%emt
00:00:09]} 48. Kh3 {[%clk 00:27:47]} {[%emt 00:00:42]} Rxh4# {[%clk 00:44:07]}
{[%emt 00:00:05]} 0-1